logo

Bir Sreshtho Munshi Abdur Rouf Library
Jhenaidah Cadet College

Children and others / (Record no. 6815)

MARC details
000 -LEADER
fixed length control field 00596nam a2200241 a 4500
001 - CONTROL NUMBER
JCCL Control Number 6815
003 - CONTROL NUMBER IDENTIFIER
JCCL marc code BD-JhCC
005 - DATE AND TIME OF LATEST TRANSACTION
control field 20180130184841.0
008 - FIXED-LENGTH DATA ELEMENTS--GENERAL INFORMATION
fixed length control field 880808s1965 enk 000 0 eng d
035 ## - SYSTEM CONTROL NUMBER
system control number (BD-JhCC)6815
035 ## - SYSTEM CONTROL NUMBER
system control number (OCoLC)13174355
040 ## - CATALOGING SOURCE
Original cataloging agency BD-JhCC
Modifying agency BD-JhCC
041 ## - LANGUAGE CODE
Language code of Book eng
082 ## - DEWEY DECIMAL CLASSIFICATION NUMBER
Classification number 823.914
Author mark and Year COZ 1964
100 1# - MAIN ENTRY--PERSONAL NAME
Personal name Cozzens, James Gould,
Dates associated with a name 1903-1978
245 10 - TITLE STATEMENT
Title Children and others /
Statement of responsibility, etc by J.G. Cozzens
250 ## - EDITION STATEMENT
Edition statement [3rd ed.]
260 ## - PUBLICATION, DISTRIBUTION, ETC. (IMPRINT)
Place of publication, distribution, etc London :
Name of publisher, distributor, etc Longmans,
Date of publication, distribution, etc 1965
300 ## - PHYSICAL DESCRIPTION
Pagination 343 p.
650 ## - SUBJECT ADDED ENTRY--TOPICAL TERM
Topical term or geographic name as entry element Children Stories
942 ## - ADDED ENTRY ELEMENTS (KOHA)
Source of classification or shelving scheme Dewey Decimal Classification
Koha item type Books
Holdings
Source of classification or shelving scheme Damaged status Not for loan Home library Current library Shelving location Total Checkouts Full call number Barcode Date last seen Copy number Koha item type
Dewey Decimal Classification     JCC Rouf Library JCC Rouf Library General Stacks   823.914 COZ 1964 8860 01/30/2018 C-1 Books

JCC Library | Contacts | JCC Home

Last Update on 23 September 2017
Copyright @ 2017-2020 JCC Rouf Library
Rouf Library, Jhenidah Cadet College (JCC), Bangladesh